| 000 | 01039nam a2200253Ia 4500 | ||
|---|---|---|---|
| 001 | 20916 | ||
| 003 | GE_BSU | ||
| 008 | 181216s||||||||xx |||||||||||||| ||und|| | ||
| 020 | _a9789941088780 | ||
| 040 | _cGE_BSU | ||
| 080 | _a1(430) | ||
| 100 | _aნიცშე,ფრიდრიხ | ||
| 245 | _aასე ამბობდა ზარატუსტრა : (ადაპტირებული თარგმანი) | ||
| 245 | _cმთარგმნელები: ნინა თურმანიძე, ლაშა ბულია ; რედაქტორი თამაზ თურმანიძე. | ||
| 260 | _aთბილისი. | ||
| 260 | _bგეო | ||
| 260 | _c2016 | ||
| 300 | _a108 გვ;20 სმ. | ||
| 541 | _h3ლ.65თ. | ||
| 653 | _aასე ამბობდა ზარატუსტრა | ||
| 653 | _aგერმანული ფილოსოფია. მორალი. ეზოთერიზმი. | ||
| 653 | _aფილოსოფია | ||
| 942 | _cBK | ||
| 999 |
_c53865 _d53865 |
||